Statistics for All 50k+ cities in Idaho on a map

Click here to take the quiz!

General Stats

  • This quiz has been taken 123 times
  • The average score is 7 of 8

Answers on the Map

Answers color-coded by a green-red scale on the quiz's map according to % correct below.
 

Answer Stats

HintAnswer% Correct
237,446Boise
100%
66,898Idaho Falls
92%
106,186Nampa
86%
57,092Pocatello
85%
125,963Meridian
84%
55,904Coeur d'Alene
82%
53,213Twin Falls
77%
63,629Caldwell
60%

Score Distribution

Percentile by Number Answered

Percent of People with Each Score

Your Score History

You have not taken this quiz